=LDR 00000nam 2200000 4500 =001 INLIS000000000031168 =005 20130612133245 =008 ***********************************Ind** =035 ##$$0010-061300000031168 =041 ##$$a Ind =082 ##$$a 615.882 =090 ##$$a 615.882, Yul t =100 ##$$a Yulianti, Sufrida =245 ##$$a 30 ramuan penakluk hipertensi, Sufrida Yulianti; Maloedyu S =260 ##$$a 2006 $b Jakarta =300 ##$$a vi, 68 hlm, ilus, 23 cm =650 ##$$a Obat Tradisional =700 ##$$a Maloedyu S, Tetty =850 ##$$a NBPNMAT =990 ##$$a 0001/BPAP-NTB/20142014 =990 ##$$a 1311413114 =990 ##$$a 01201713114 =990 ##$$a 0001/BPAP-NTB/20142014